MARC details
| 000 -LEADER |
| fixed length control field |
03479cam a22003978i 4500 |
| 001 - CONTROL NUMBER |
| control field |
21578884 |
| 003 - CONTROL NUMBER IDENTIFIER |
| control field |
CSPC |
| 005 - DATE AND TIME OF LATEST TRANSACTION |
| control field |
20250903153443.0 |
| 008 - FIXED-LENGTH DATA ELEMENTS--GENERAL INFORMATION |
| fixed length control field |
200623s2021 nyu b 001 0 eng |
| 010 ## - LIBRARY OF CONGRESS CONTROL NUMBER |
| LC control number |
2020024287 |
| 020 ## - INTERNATIONAL STANDARD BOOK NUMBER |
| International Standard Book Number |
9780367902544 |
| Qualifying information |
(paperback) |
| 035 ## - SYSTEM CONTROL NUMBER |
| System control number |
21578884 |
| 040 ## - CATALOGING SOURCE |
| Original cataloging agency |
DLC |
| Language of cataloging |
eng |
| Description conventions |
rda |
| Transcribing agency |
DLC |
| Modifying agency |
CSPC |
| 042 ## - AUTHENTICATION CODE |
| Authentication code |
pcc |
| 050 00 - LIBRARY OF CONGRESS CALL NUMBER |
| Classification number |
HF5415 |
| Item number |
.B4448 2021 |
| 082 00 - DEWEY DECIMAL CLASSIFICATION NUMBER |
| Classification number |
658.8 |
| Item number |
B467i |
| Edition number |
23 |
| 100 1# - MAIN ENTRY--PERSONAL NAME |
| Personal name |
Beveridge, Ivana, |
| Relator term |
author. |
| 245 10 - TITLE STATEMENT |
| Title |
Intercultural marketing : |
| Remainder of title |
theory and practice / |
| Statement of responsibility, etc. |
Ivana Beveridge. |
| 263 ## - PROJECTED PUBLICATION DATE |
| Projected publication date |
2101 |
| 264 #1 - PRODUCTION, PUBLICATION, DISTRIBUTION, MANUFACTURE, AND COPYRIGHT NOTICE |
| Place of production, publication, distribution, manufacture |
New York, NY ; |
| -- |
Abingdon, Oxon : |
| Name of producer, publisher, distributor, manufacturer |
Routledge, |
| Date of production, publication, distribution, manufacture, or copyright notice |
2021. |
| 300 ## - PHYSICAL DESCRIPTION |
| Extent |
xiii, 229 pages ; |
| Dimensions |
23 cm. |
| 336 ## - CONTENT TYPE |
| Content type term |
text |
| Content type code |
txt |
| Source |
rdacontent |
| 337 ## - MEDIA TYPE |
| Media type term |
unmediated |
| Media type code |
n |
| Source |
rdamedia |
| 338 ## - CARRIER TYPE |
| Carrier type term |
volume |
| Carrier type code |
nc |
| Source |
rdacarrier |
| 504 ## - BIBLIOGRAPHY, ETC. NOTE |
| Bibliography, etc. note |
Includes bibliographical references and index. |
| 505 0# - FORMATTED CONTENTS NOTE |
| Formatted contents note |
The globalization imperative -- Decoding culture: the basics of cultural literacy -- Universal criteria for understanding cultures -- Conceptual east-west differences: psychological processes, philosophical traditions, stimuli processing, and paradoxical thinking -- Conceptual east-west differences: intercultural communication and religious beliefs -- Frameworks for interpreting cultural differences -- Language considerations in intercultural markets -- Research considerations in intercultural markets -- Conclusion. |
| 520 ## - SUMMARY, ETC. |
| Summary, etc. |
"With companies actively marketing products and services beyond their borders, marketers must understand culturally ingrained consumer behavior throughout the world. Focusing on psychological and social dimensions of these behaviors, this textbook brings together academic research and contemporary case studies from the marketing practice. Built on a strong, cross-disciplinary theoretical foundation, this concisely written text is a practical guide to understanding the intricacies of cultural influence on consumption, and for the design and implementation of effective intercultural marketing strategies, focused on branding and promotion. The book uses representative, well-known corporate cases while also including dynamic examples from the sharing economy, blockchain, and emerging economy companies in international markets. Incorporating strategy, sociology, linguistics, cross-cultural communications, psychology, philosophy, religious studies, and economics, the book is particularly distinguished from the mainstream by introducing non-Western frameworks. Upper-level undergraduate and postgraduate students of marketing and international business will benefit from the book's new concepts and novel methods, as well as clear objectives, examples, and discussion topics in each chapter. Instructors will appreciate the inclusion of a semester-long project for students, allowing them to wear the 'practitioner's hat' and including practice in a netnographic research method"-- |
| Assigning source |
Provided by publisher. |
| 650 #0 - SUBJECT ADDED ENTRY--TOPICAL TERM |
| Topical term or geographic name entry element |
Marketing |
| Form subdivision |
Cross-cultural studies. |
| 650 #0 - SUBJECT ADDED ENTRY--TOPICAL TERM |
| Topical term or geographic name entry element |
Consumers |
| Form subdivision |
Cross-cultural studies. |
| 650 #0 - SUBJECT ADDED ENTRY--TOPICAL TERM |
| Topical term or geographic name entry element |
International trade. |
| 776 08 - ADDITIONAL PHYSICAL FORM ENTRY |
| Relationship information |
Online version: |
| Main entry heading |
Beveridge, Ivana. |
| Title |
Intercultural marketing |
| Place, publisher, and date of publication |
New York, NY : Routledge, 2021. |
| International Standard Book Number |
9781003025344 |
| Record control number |
(DLC) 2020024288 |
| 906 ## - LOCAL DATA ELEMENT F, LDF (RLIN) |
| a |
7 |
| b |
cbc |
| c |
orignew |
| d |
1 |
| e |
ecip |
| f |
20 |
| g |
y-gencatlg |
| 942 ## - ADDED ENTRY ELEMENTS (KOHA) |
| Source of classification or shelving scheme |
Dewey Decimal Classification |
| Koha item type |
Books |
| Edition |
23 |
| Classification part |
658.8 |
| Item part |
B467i |
| Call number prefix |
GRD |
| Call number suffix |
2021 |
| Suppress in OPAC |
No |